El novio... de China (Registro nro. 171313)

Detalles MARC
000 -LEADER
campo de control de longitud fija 00850nam a22001695i 4500
001 - NÚMERO DE CONTROL
campo de control 171313
003 - IDENTIFICADOR DE NÚMERO DE CONTROL
campo de control ES-MaACL
005 - FECHA Y HORA DE LA ÚLTIMA TRANSACCIÓN
campo de control 20250616063045.0
008 - DATOS DE LONGITUD FIJA--INFORMACIÓN GENERAL
campo de control de longitud fija 090508s1856 sp |||| | spa d
100 0# - ENTRADA PRINCIPAL--NOMBRE DE PERSONA
Nombre de persona Frontaura, Carlos,
Fechas asociadas al nombre 1834-1910
9 (RLIN) 52739
245 13 - MENCIÓN DEL TÍTULO
Título El novio... de China
Resto del título : juguete cómico en un acto y en verso original /
Mención de responsabilidad, etc. de Carlos Frontaura.
260 ## - PUBLICACIÓN, DISTRIBUCIÓN, ETC.
Lugar de publicación, distribución, etc. Madrid :
Nombre del editor, distribuidor, etc. [Manuel Pedro Delgado],
Fecha de publicación, distribución, etc. 1856 (
Fabricante Imp. de Cipriano López)
300 ## - DESCRIPCIÓN FÍSICA
Extensión 35 p. ;
Dimensiones 18 cm.
500 ## - NOTA GENERAL
Nota general En port.: Representado con aplauso en el teatro de Tirso de Molina la noche del 18 de octubre de 1856.
852 ## - LOCALIZACIÓN
Ubicación ES-MaACL
Número de control de estantería F-8600(7)
Nota libre .- Enc. pasta española
condición física - Falto de la cub. original
Nota libre - Enc. en un vol. facticio formando parte de la col. facticia "Teatro español moderno", vol. 53
-- .- Firma ms. de Gustavo Saenz Diez
Existencias
Estatus retirado Estado de pérdida Estado de daño No para préstamo Colección Biblioteca de origen Biblioteca actual Ubicación en estantería Fecha de adquisición Fuente de adquisición Total de préstamos Signatura topográfica completa Código de barras Visto por última vez Precio de reemplazo Tipo de ítem Koha
        Libros del s. XIX Biblioteca del Ateneo de Madrid Biblioteca del Ateneo de Madrid Sala Pecera Planta 2 08/05/2009     F-8600(7) 1179782 23/02/2023 23/02/2023 Libro impreso antiguo